000 00827nam a2200253Ii 4500
003 JO-AjNU
005 20240710113123.0
008 230605s9999||||xx |||||||||||||| ||und||
017 _a2000/11506
020 _a977-01-6857-2
040 _aJO-AjNU
_bara
_erda
_cJO-AjNU
041 _aara
050 1 4 _aPR2796.E3.S4 2000
100 3 _aترجمة عناني، محمد,
_eauthor
_915630
245 0 0 _aالمختار من المسرح الشعري وليم شكسبير
264 3 1 _aالقاهرة: مكتبة الأسرة،2000 ؛ مهرجان القراءة للجميع 2000
300 _a255ص
336 _atext
_btxt
_2rdacontent
337 _aunmediated
_bn
_2rdamedia
338 _avolume
_bnc
_2rdacarrier
490 0 _aالروائع
650 4 _aالمسرح الشعري - شكسبير
_915631
942 _2lcc
_cBK
999 _c8026
_d8026